[Event "DVM U16w 2023"]
[Site "Magdeburg GER"]
[Date "2023.12.27"]
[Round "1"]
[White "Henzel, Leonie"]
[Black "Czäczine, Paula"]
[Result "0-1"]
[Termination "normal"]
[Board "2.2"]
[WhiteElo "1247"]
[BlackElo "1581"]
[WhiteClock "00:27:54"]
[BlackClock "00:40:12"]
[WhiteTeam "SchachAkademiePaderborn"]
[BlackTeam "Chemnitzer SC Aufbau95"]
[PlyCount "66"]
[WhiteFideId "34605720"]
[BlackFideId "16249305"]
[EventCountry "GER"]
[EventRounds "7"]
[EventType "team-swiss"]
[EventDate "2023.12.26"]

1. d4 {[%clk 01:30:38]} {[%emt 00:00:22]} d5 {[%clk 01:30:54]} {[%emt
00:00:07]} 2. Nf3 {[%clk 01:30:48]} {[%emt 00:00:21]} c5 {[%clk 01:31:07]}
{[%emt 00:00:16]} 3. g3 {[%clk 01:23:40]} {[%emt 00:07:37]} cxd4 {[%clk
01:31:22]} {[%emt 00:00:16]} 4. Nxd4 {[%clk 01:23:17]} {[%emt 00:00:53]} e5
{[%clk 01:31:33]} {[%emt 00:00:19]} 5. Nb5 {[%clk 01:18:26]} {[%emt 00:05:17]}
Qa5+ {[%clk 01:25:28]} {[%emt 00:06:40]} 6. N1c3 {[%clk 01:09:01]} {[%emt
00:09:53]} d4 {[%clk 01:22:29]} {[%emt 00:03:29]} 7. Nxd4 {[%clk 01:02:12]}
{[%emt 00:07:19]} exd4 {[%clk 01:22:44]} {[%emt 00:00:15]} 8. Qxd4 {[%clk
01:02:22]} {[%emt 00:00:20]} Nc6 {[%clk 01:20:57]} {[%emt 00:02:17]} 9. Qe4+
{[%clk 01:00:48]} {[%emt 00:02:01]} Be6 {[%clk 01:18:23]} {[%emt 00:03:07]} 10.
Bh3 {[%clk 00:59:28]} {[%emt 00:01:43]} Nf6 {[%clk 01:18:00]} {[%emt 00:01:00]}
11. Qg2 {[%clk 00:54:32]} {[%emt 00:05:15]} Bd5 {[%clk 01:13:51]} {[%emt
00:04:50]} 12. f3 {[%clk 00:53:24]} {[%emt 00:01:39]} Nd4 {[%clk 01:11:14]}
{[%emt 00:03:06]} 13. Kd1 {[%clk 00:51:05]} {[%emt 00:02:35]} Rd8 {[%clk
01:07:17]} {[%emt 00:04:42]} 14. Bd2 {[%clk 00:49:53]} {[%emt 00:01:39]} Qb6
{[%clk 01:00:40]} {[%emt 00:07:09]} 15. Nxd5 {[%clk 00:47:44]} {[%emt
00:02:39]} Rxd5 {[%clk 00:58:41]} {[%emt 00:02:30]} 16. e4 {[%clk 00:43:39]}
{[%emt 00:04:32]} Rd8 {[%clk 00:49:34]} {[%emt 00:09:40]} 17. Bc3 {[%clk
00:41:03]} {[%emt 00:03:04]} Nb3+ {[%clk 00:46:13]} {[%emt 00:03:53]} 18. Ke2
{[%clk 00:39:16]} {[%emt 00:02:16]} Nxa1 {[%clk 00:46:16]} {[%emt 00:00:29]}
19. Rxa1 {[%clk 00:39:37]} {[%emt 00:00:09]} Qb5+ {[%clk 00:45:45]} {[%emt
00:01:01]} 20. Ke1 {[%clk 00:39:34]} {[%emt 00:00:29]} Bb4 {[%clk 00:45:03]}
{[%emt 00:01:15]} 21. a4 {[%clk 00:37:16]} {[%emt 00:02:48]} Bxc3+ {[%clk
00:44:51]} {[%emt 00:00:43]} 22. bxc3 {[%clk 00:36:21]} {[%emt 00:01:25]} Qb2
{[%clk 00:45:03]} {[%emt 00:00:17]} 23. Rd1 {[%clk 00:35:53]} {[%emt 00:00:58]}
Qxc3+ {[%clk 00:45:11]} {[%emt 00:00:23]} 24. Rd2 {[%clk 00:34:47]} {[%emt
00:01:36]} O-O {[%clk 00:43:59]} {[%emt 00:01:42]} 25. Qe2 {[%clk 00:34:23]}
{[%emt 00:00:52]} Rd4 {[%clk 00:42:13]} {[%emt 00:02:18]} 26. e5 {[%clk
00:33:07]} {[%emt 00:01:46]} Rfd8 {[%clk 00:40:16]} {[%emt 00:02:26]} 27. e6
{[%clk 00:32:38]} {[%emt 00:00:59]} Qa1+ {[%clk 00:40:05]} {[%emt 00:00:42]}
28. Kf2 {[%clk 00:32:47]} {[%emt 00:00:19]} Rxd2 {[%clk 00:40:20]} {[%emt
00:00:17]} 29. exf7+ {[%clk 00:32:24]} {[%emt 00:00:53]} Kxf7 {[%clk 00:40:23]}
{[%emt 00:00:26]} 30. Be6+ {[%clk 00:32:10]} {[%emt 00:00:44]} Kf8 {[%clk
00:40:43]} {[%emt 00:00:11]} 31. Bb3 {[%clk 00:27:33]} {[%emt 00:05:07]} Qd1
{[%clk 00:40:06]} {[%emt 00:01:07]} 32. Bc4 {[%clk 00:27:32]} {[%emt 00:00:30]}
Rxe2+ {[%clk 00:39:47]} {[%emt 00:00:49]} 33. Bxe2 {[%clk 00:27:54]} {[%emt
00:00:08]} Rd2 {[%clk 00:40:12]} {[%emt 00:00:06]} 0-1

[Event "DVM U16w 2023"]
[Site "Magdeburg GER"]
[Date "2023.12.27"]
[Round "1"]
[White "Czäczine, Laura"]
[Black "Gruber, Florentine"]
[Result "0-1"]
[Termination "normal"]
[Board "2.3"]
[WhiteElo "1474"]
[BlackElo "1168"]
[WhiteClock "00:05:16"]
[BlackClock "00:18:51"]
[WhiteTeam "Chemnitzer SC Aufbau95"]
[BlackTeam "SchachAkademiePaderborn"]
[PlyCount "72"]
[WhiteFideId "16211448"]
[BlackFideId "34605711"]
[EventCountry "GER"]
[EventRounds "7"]
[EventType "team-swiss"]
[EventDate "2023.12.26"]

1. e4 {[%clk 01:30:59]} e6 {[%clk 01:30:55]} {[%emt 00:00:06]} 2. d4 {[%clk
01:31:24]} {[%emt 00:00:05]} d5 {[%clk 01:31:22]} {[%emt 00:00:03]} 3. exd5
{[%clk 01:31:48]} {[%emt 00:00:05]} exd5 {[%clk 01:31:47]} {[%emt 00:00:04]} 4.
c4 {[%clk 01:32:12]} {[%emt 00:00:07]} Bb4+ {[%clk 01:30:38]} {[%emt 00:01:38]}
5. Nc3 {[%clk 01:32:27]} {[%emt 00:00:16]} c6 {[%clk 01:29:29]} {[%emt
00:01:39]} 6. Bd3 {[%clk 01:28:41]} {[%emt 00:04:15]} h6 {[%clk 01:24:46]}
{[%emt 00:05:14]} 7. Nge2 {[%clk 01:27:13]} {[%emt 00:01:58]} Ne7 {[%clk
01:23:06]} {[%emt 00:02:10]} 8. O-O {[%clk 01:24:32]} {[%emt 00:03:11]} Bf5
{[%clk 01:20:17]} {[%emt 00:03:19]} 9. Re1 {[%clk 01:18:20]} {[%emt 00:06:42]}
Bxd3 {[%clk 01:16:03]} {[%emt 00:04:45]} 10. Qxd3 {[%clk 01:18:38]} {[%emt
00:00:11]} O-O {[%clk 01:10:02]} {[%emt 00:06:31]} 11. Nf4 {[%clk 01:14:48]}
{[%emt 00:04:18]} dxc4 {[%clk 01:02:53]} {[%emt 00:07:40]} 12. Qxc4 {[%clk
01:12:40]} {[%emt 00:02:38]} Na6 {[%clk 00:57:42]} {[%emt 00:05:41]} 13. Nh5
{[%clk 01:05:59]} {[%emt 00:07:12]} Nf5 {[%clk 00:53:40]} {[%emt 00:04:32]} 14.
Rd1 {[%clk 00:55:23]} {[%emt 00:11:06]} Re8 {[%clk 00:49:02]} {[%emt 00:05:08]}
15. Qd3 {[%clk 00:51:24]} {[%emt 00:04:21]} Qxd4 {[%clk 00:43:15]} {[%emt
00:06:25]} 16. Qf1 {[%clk 00:36:13]} {[%emt 00:15:40]} Qg4 {[%clk 00:38:02]}
{[%emt 00:05:41]} 17. Nf4 {[%clk 00:33:36]} {[%emt 00:03:09]} Rad8 {[%clk
00:35:33]} {[%emt 00:02:59]} 18. Rxd8 {[%clk 00:24:47]} {[%emt 00:09:20]} Rxd8
{[%clk 00:35:48]} {[%emt 00:00:15]} 19. h3 {[%clk 00:24:23]} {[%emt 00:00:54]}
Qh4 {[%clk 00:34:59]} {[%emt 00:01:17]} 20. Be3 {[%clk 00:23:44]} {[%emt
00:01:09]} Nxe3 {[%clk 00:33:03]} {[%emt 00:02:27]} 21. fxe3 {[%clk 00:24:03]}
{[%emt 00:00:11]} Bc5 {[%clk 00:32:42]} {[%emt 00:00:51]} 22. Qf3 {[%clk
00:17:51]} {[%emt 00:06:42]} Re8 {[%clk 00:31:20]} {[%emt 00:01:52]} 23. Ne4
{[%clk 00:15:10]} {[%emt 00:03:08]} Qe7 {[%clk 00:30:02]} {[%emt 00:01:48]} 24.
Nxc5 {[%clk 00:14:28]} {[%emt 00:01:15]} Nxc5 {[%clk 00:29:20]} {[%emt
00:01:12]} 25. Re1 {[%clk 00:14:30]} {[%emt 00:00:21]} Qe4 {[%clk 00:28:45]}
{[%emt 00:01:12]} 26. Qg3 {[%clk 00:12:39]} {[%emt 00:02:21]} Nd3 {[%clk
00:26:37]} {[%emt 00:02:38]} 27. Nxd3 {[%clk 00:12:52]} {[%emt 00:00:18]} Qxd3
{[%clk 00:26:50]} {[%emt 00:00:15]} 28. Qf2 {[%clk 00:11:33]} {[%emt 00:01:47]}
Qd5 {[%clk 00:25:45]} {[%emt 00:01:37]} 29. b3 {[%clk 00:11:39]} {[%emt
00:00:25]} Rd8 {[%clk 00:24:43]} {[%emt 00:01:32]} 30. e4 {[%clk 00:09:45]}
{[%emt 00:02:25]} Qd4 {[%clk 00:23:55]} {[%emt 00:01:17]} 31. Re3 {[%clk
00:09:50]} {[%emt 00:00:21]} Qd2 {[%clk 00:23:15]} {[%emt 00:01:14]} 32. Re2
{[%clk 00:10:03]} {[%emt 00:00:16]} Qd4 {[%clk 00:22:54]} {[%emt 00:00:53]} 33.
Re3 {[%clk 00:09:56]} {[%emt 00:00:36]} Re8 {[%clk 00:22:08]} {[%emt 00:01:17]}
34. Qf4 {[%clk 00:08:00]} {[%emt 00:02:23]} f5 {[%clk 00:19:43]} {[%emt
00:02:57]} 35. Kh1 {[%clk 00:04:56]} {[%emt 00:03:35]} Qa1+ {[%clk 00:18:28]}
{[%emt 00:01:45]} 36. Kh2 {[%clk 00:05:16]} {[%emt 00:00:10]} Qe5 {[%clk
00:18:51]} {[%emt 00:00:07]} *

[Event "DVM U16w 2023"]
[Site "Magdeburg GER"]
[Date "2023.12.27"]
[Round "1"]
[White "Achilles, Rosa"]
[Black "Brewig, Bea Josephine"]
[Result "0-1"]
[Termination "normal"]
[Board "2.4"]
[WhiteElo "1190"]
[BlackElo "1256"]
[WhiteClock "01:06:54"]
[BlackClock "00:25:09"]
[WhiteTeam "SchachAkademiePaderborn"]
[BlackTeam "Chemnitzer SC Aufbau95"]
[PlyCount "88"]
[WhiteFideId "34630066"]
[BlackFideId "16249313"]
[EventCountry "GER"]
[EventRounds "7"]
[EventType "team-swiss"]
[EventDate "2023.12.26"]

1. d4 {[%clk 01:30:54]} {[%emt 00:00:05]} d5 {[%clk 01:30:49]} {[%emt
00:00:11]} 2. g3 {[%clk 01:29:59]} {[%emt 00:01:26]} c5 {[%clk 01:21:28]}
{[%emt 00:09:51]} 3. Bg2 {[%clk 01:27:19]} {[%emt 00:03:10]} Nf6 {[%clk
01:15:40]} {[%emt 00:06:17]} 4. Nc3 {[%clk 01:25:35]} {[%emt 00:02:15]} e6
{[%clk 01:14:06]} {[%emt 00:02:04]} 5. Nf3 {[%clk 01:18:30]} {[%emt 00:07:34]}
Nc6 {[%clk 01:09:23]} {[%emt 00:05:14]} 6. O-O {[%clk 01:15:36]} {[%emt
00:03:24]} cxd4 {[%clk 01:03:58]} {[%emt 00:05:54]} 7. Nxd4 {[%clk 01:15:12]}
{[%emt 00:00:54]} e5 {[%clk 01:03:19]} {[%emt 00:01:09]} 8. Nxc6 {[%clk
01:12:59]} {[%emt 00:02:43]} bxc6 {[%clk 01:03:32]} {[%emt 00:00:17]} 9. e4
{[%clk 01:11:55]} {[%emt 00:01:34]} Be6 {[%clk 00:48:46]} {[%emt 00:15:17]} 10.
Bg5 {[%clk 01:09:27]} {[%emt 00:02:58]} d4 {[%clk 00:46:50]} {[%emt 00:02:25]}
11. Ne2 {[%clk 01:07:22]} {[%emt 00:02:36]} h6 {[%clk 00:45:13]} {[%emt
00:02:06]} 12. Bxf6 {[%clk 01:06:00]} {[%emt 00:01:51]} Qxf6 {[%clk 00:45:20]}
{[%emt 00:00:24]} 13. Nxd4 {[%clk 01:05:52]} {[%emt 00:00:39]} Rd8 {[%clk
00:38:34]} {[%emt 00:07:15]} 14. c3 {[%clk 00:59:45]} {[%emt 00:06:37]} exd4
{[%clk 00:32:23]} {[%emt 00:06:41]} 15. cxd4 {[%clk 00:57:12]} {[%emt
00:03:03]} Qxd4 {[%clk 00:30:24]} {[%emt 00:02:29]} 16. Qxd4 {[%clk 00:56:27]}
{[%emt 00:01:16]} Rxd4 {[%clk 00:30:38]} {[%emt 00:00:15]} 17. e5 {[%clk
00:56:03]} {[%emt 00:00:54]} Bd5 {[%clk 00:28:36]} {[%emt 00:02:33]} 18. Bxd5
{[%clk 00:54:18]} {[%emt 00:02:15]} Rxd5 {[%clk 00:27:06]} {[%emt 00:01:59]}
19. Rfe1 {[%clk 00:53:19]} {[%emt 00:01:29]} Bb4 {[%clk 00:26:13]} {[%emt
00:01:23]} 20. Re4 {[%clk 00:53:08]} {[%emt 00:00:42]} Be7 {[%clk 00:24:04]}
{[%emt 00:02:39]} 21. e6 {[%clk 00:51:09]} {[%emt 00:02:28]} O-O {[%clk
00:24:03]} {[%emt 00:00:31]} 22. Rae1 {[%clk 00:51:02]} {[%emt 00:00:37]} fxe6
{[%clk 00:22:33]} {[%emt 00:02:01]} 23. Rxe6 {[%clk 00:50:54]} {[%emt
00:00:37]} Bc5 {[%clk 00:22:12]} {[%emt 00:00:51]} 24. R1e2 {[%clk 00:49:37]}
{[%emt 00:01:47]} Rd1+ {[%clk 00:21:47]} {[%emt 00:00:55]} 25. Kg2 {[%clk
00:49:28]} {[%emt 00:00:38]} Rd6 {[%clk 00:21:45]} {[%emt 00:00:33]} 26. R6e5
{[%clk 00:49:13]} {[%emt 00:00:46]} Bd4 {[%clk 00:21:43]} {[%emt 00:00:31]} 27.
Ra5 {[%clk 00:48:33]} {[%emt 00:01:10]} Rdf6 {[%clk 00:21:04]} {[%emt
00:01:09]} 28. f4 {[%clk 00:47:43]} {[%emt 00:01:20]} R6f7 {[%clk 00:19:36]}
{[%emt 00:01:58]} 29. b3 {[%clk 00:45:25]} {[%emt 00:02:48]} Rb8 {[%clk
00:17:47]} {[%emt 00:02:19]} 30. Ra6 {[%clk 00:44:23]} {[%emt 00:01:32]} Rb6
{[%clk 00:17:40]} {[%emt 00:00:38]} 31. Ra4 {[%clk 00:43:59]} {[%emt 00:00:54]}
c5 {[%clk 00:17:34]} {[%emt 00:00:36]} 32. Kf3 {[%clk 00:43:26]} {[%emt
00:01:02]} g5 {[%clk 00:15:41]} {[%emt 00:02:23]} 33. Re4 {[%clk 00:41:48]}
{[%emt 00:02:09]} gxf4 {[%clk 00:13:36]} {[%emt 00:02:35]} 34. gxf4 {[%clk
00:41:42]} {[%emt 00:00:35]} Rbf6 {[%clk 00:05:58]} {[%emt 00:08:09]} 35. Rc4
{[%clk 00:40:37]} {[%emt 00:01:34]} Ra6 {[%clk 00:05:56]} {[%emt 00:00:32]} 36.
Rc2 {[%clk 00:39:34]} {[%emt 00:01:32]} Kh7 {[%clk 00:04:55]} {[%emt 00:01:32]}
37. b4 {[%clk 00:38:40]} {[%emt 00:01:23]} Ra3+ {[%clk 00:04:58]} {[%emt
00:00:28]} 38. Kg4 {[%clk 00:38:34]} {[%emt 00:00:36]} Rc3 {[%clk 00:03:13]}
{[%emt 00:02:15]} 39. Rxc3 {[%clk 00:38:39]} {[%emt 00:00:25]} Bxc3 {[%clk
00:03:21]} {[%emt 00:00:22]} 40. bxc5 {[%clk 00:38:54]} {[%emt 00:00:15]} Rg7+
{[%clk 00:01:04]} {[%emt 00:02:48]} 41. Kf3 {[%clk 00:38:24]} {[%emt 00:00:58]}
Kg6 {[%clk 00:27:20]} {[%emt 00:04:15]} 42. Re6+ {[%clk 01:07:22]} {[%emt
00:01:32]} Bf6 {[%clk 00:25:53]} {[%emt 00:01:56]} 43. Ke4 {[%clk 01:06:47]}
{[%emt 00:01:05]} Re7 {[%clk 00:24:47]} {[%emt 00:01:37]} 44. Rxe7 {[%clk
01:06:54]} {[%emt 00:00:22]} Bxe7 {[%clk 00:25:09]} {[%emt 00:00:09]} *

[Event "DVM U16w 2023"]
[Site "Magdeburg GER"]
[Date "2023.12.27"]
[Round "1"]
[White "Trunz, Tamila"]
[Black "Göb, Franziska"]
[Result "1-0"]
[Termination "normal"]
[Board "3.1"]
[WhiteElo "1766"]
[BlackElo "1316"]
[WhiteClock "00:58:31"]
[BlackClock "00:15:46"]
[WhiteTeam "SG Porz"]
[BlackTeam "SG Porz 2"]
[PlyCount "69"]
[WhiteFideId "16267885"]
[BlackFideId "16293177"]
[EventCountry "GER"]
[EventRounds "7"]
[EventType "team-swiss"]
[EventDate "2023.12.26"]

1. e4 {[%clk 01:30:58]} {[%emt 00:00:01]} e5 {[%clk 01:30:54]} {[%emt
00:00:06]} 2. Nf3 {[%clk 01:31:22]} {[%emt 00:00:06]} Nc6 {[%clk 01:31:18]}
{[%emt 00:00:06]} 3. Bb5 {[%clk 01:31:48]} {[%emt 00:00:04]} Nf6 {[%clk
01:31:34]} {[%emt 00:00:15]} 4. O-O {[%clk 01:31:40]} {[%emt 00:00:37]} Bc5
{[%clk 01:30:41]} {[%emt 00:01:23]} 5. d3 {[%clk 01:29:49]} {[%emt 00:02:21]}
d6 {[%clk 01:28:25]} {[%emt 00:02:45]} 6. Bg5 {[%clk 01:28:25]} {[%emt
00:01:55]} Bd7 {[%clk 01:20:28]} {[%emt 00:08:27]} 7. c3 {[%clk 01:27:01]}
{[%emt 00:01:54]} h6 {[%clk 01:15:30]} {[%emt 00:05:28]} 8. Be3 {[%clk
01:25:03]} {[%emt 00:02:28]} Bb6 {[%clk 01:15:05]} {[%emt 00:00:55]} 9. Nbd2
{[%clk 01:22:54]} {[%emt 00:02:40]} Ng4 {[%clk 01:11:30]} {[%emt 00:04:05]} 10.
Qe2 {[%clk 01:21:12]} {[%emt 00:02:12]} Nxe3 {[%clk 01:07:27]} {[%emt
00:04:33]} 11. fxe3 {[%clk 01:21:33]} {[%emt 00:00:09]} a6 {[%clk 01:05:40]}
{[%emt 00:02:16]} 12. Bc4 {[%clk 01:19:27]} {[%emt 00:02:37]} Qe7 {[%clk
01:03:11]} {[%emt 00:02:58]} 13. d4 {[%clk 01:15:36]} {[%emt 00:04:22]} exd4
{[%clk 00:57:21]} {[%emt 00:06:20]} 14. exd4 {[%clk 01:14:36]} {[%emt
00:01:31]} O-O-O {[%clk 00:56:06]} {[%emt 00:01:45]} 15. Kh1 {[%clk 01:13:24]}
{[%emt 00:01:42]} Rde8 {[%clk 00:52:12]} {[%emt 00:04:23]} 16. Rae1 {[%clk
01:08:18]} {[%emt 00:05:36]} f6 {[%clk 00:48:30]} {[%emt 00:04:11]} 17. Nh4
{[%clk 01:07:42]} {[%emt 00:01:06]} Qd8 {[%clk 00:43:42]} {[%emt 00:05:17]} 18.
Ng6 {[%clk 01:06:48]} {[%emt 00:01:25]} Rh7 {[%clk 00:43:25]} {[%emt 00:00:48]}
19. Bf7 {[%clk 01:06:49]} {[%emt 00:00:29]} h5 {[%clk 00:40:35]} {[%emt
00:03:20]} 20. Bxe8 {[%clk 01:05:00]} {[%emt 00:02:20]} Qxe8 {[%clk 00:39:45]}
{[%emt 00:01:19]} 21. Nf4 {[%clk 01:04:27]} {[%emt 00:01:03]} Bg4 {[%clk
00:35:40]} {[%emt 00:04:34]} 22. Qd3 {[%clk 01:03:35]} {[%emt 00:01:23]} Rh8
{[%clk 00:34:43]} {[%emt 00:01:25]} 23. Nc4 {[%clk 01:02:09]} {[%emt 00:01:57]}
Ba7 {[%clk 00:34:09]} {[%emt 00:01:02]} 24. h3 {[%clk 01:01:40]} {[%emt
00:01:02]} Bd7 {[%clk 00:32:37]} {[%emt 00:02:00]} 25. e5 {[%clk 01:00:36]}
{[%emt 00:01:35]} fxe5 {[%clk 00:22:09]} {[%emt 00:10:59]} 26. dxe5 {[%clk
01:00:38]} {[%emt 00:00:27]} dxe5 {[%clk 00:21:35]} {[%emt 00:01:05]} 27. Ng6
{[%clk 01:00:44]} {[%emt 00:00:24]} Rg8 {[%clk 00:21:07]} {[%emt 00:00:57]} 28.
Ncxe5 {[%clk 01:00:42]} {[%emt 00:00:33]} Nxe5 {[%clk 00:20:56]} {[%emt
00:00:41]} 29. Rxe5 {[%clk 01:00:59]} {[%emt 00:00:12]} Be6 {[%clk 00:17:24]}
{[%emt 00:04:02]} 30. Rfe1 {[%clk 01:00:31]} {[%emt 00:00:58]} Qd7 {[%clk
00:16:57]} {[%emt 00:00:56]} 31. Qf3 {[%clk 00:59:12]} {[%emt 00:01:51]} Re8
{[%clk 00:15:48]} {[%emt 00:01:37]} 32. Rxe6 {[%clk 00:57:46]} {[%emt
00:01:58]} Rxe6 {[%clk 00:15:55]} {[%emt 00:00:23]} 33. Qf8+ {[%clk 00:58:04]}
{[%emt 00:00:11]} Qd8 {[%clk 00:15:24]} {[%emt 00:01:00]} 34. Qxd8+ {[%clk
00:58:08]} {[%emt 00:00:28]} Kxd8 {[%clk 00:15:46]} {[%emt 00:00:08]} 35. Rxe6
{[%clk 00:58:31]} {[%emt 00:00:06]} 1-0

[Event "DVM U16w 2023"]
[Site "Magdeburg GER"]
[Date "2023.12.27"]
[Round "1"]
[White "Vogt, Luna"]
[Black "Neumann, Helena"]
[Result "0-1"]
[Termination "normal"]
[Board "3.2"]
[WhiteElo "1347"]
[BlackElo "1584"]
[WhiteClock "00:18:03"]
[BlackClock "00:03:29"]
[WhiteTeam "SG Porz 2"]
[BlackTeam "SG Porz"]
[PlyCount "64"]
[WhiteFideId "34607153"]
[BlackFideId "16275365"]
[EventCountry "GER"]
[EventRounds "7"]
[EventType "team-swiss"]
[EventDate "2023.12.26"]

1. d4 {[%clk 01:30:58]} {[%emt 00:00:02]} d5 {[%clk 01:30:52]} {[%emt
00:00:08]} 2. c4 {[%clk 01:31:18]} {[%emt 00:00:10]} c6 {[%clk 01:31:19]}
{[%emt 00:00:03]} 3. Nf3 {[%clk 01:31:39]} {[%emt 00:00:09]} Nf6 {[%clk
01:31:45]} {[%emt 00:00:05]} 4. e3 {[%clk 01:31:44]} {[%emt 00:00:24]} e6
{[%clk 01:32:10]} {[%emt 00:00:04]} 5. Nbd2 {[%clk 01:32:10]} {[%emt 00:00:05]}
Bd6 {[%clk 01:31:59]} {[%emt 00:00:40]} 6. Bd3 {[%clk 01:32:22]} {[%emt
00:00:19]} Nbd7 {[%clk 01:32:25]} {[%emt 00:00:04]} 7. O-O {[%clk 01:32:31]}
{[%emt 00:00:21]} O-O {[%clk 01:32:49]} {[%emt 00:00:06]} 8. e4 {[%clk
01:32:44]} {[%emt 00:00:17]} dxe4 {[%clk 01:32:26]} {[%emt 00:00:53]} 9. Nxe4
{[%clk 01:32:32]} {[%emt 00:00:42]} Nxe4 {[%clk 01:32:51]} {[%emt 00:00:06]}
10. Bxe4 {[%clk 01:32:51]} {[%emt 00:00:11]} Nf6 {[%clk 01:33:20]} {[%emt
00:00:01]} 11. Bc2 {[%clk 01:32:08]} {[%emt 00:01:12]} Qc7 {[%clk 01:28:30]}
{[%emt 00:05:20]} 12. Bg5 {[%clk 01:27:14]} {[%emt 00:05:24]} h6 {[%clk
01:20:01]} {[%emt 00:08:59]} 13. Bh4 {[%clk 01:17:21]} {[%emt 00:10:23]} Nh7
{[%clk 01:08:08]} {[%emt 00:12:23]} 14. Qd3 {[%clk 01:15:35]} {[%emt 00:02:16]}
f5 {[%clk 01:08:16]} {[%emt 00:00:23]} 15. Bg3 {[%clk 01:14:28]} {[%emt
00:01:36]} Bxg3 {[%clk 01:05:55]} {[%emt 00:02:51]} 16. hxg3 {[%clk 01:14:45]}
{[%emt 00:00:13]} Rd8 {[%clk 01:03:44]} {[%emt 00:02:41]} 17. Qe3 {[%clk
01:13:22]} {[%emt 00:01:53]} Nf6 {[%clk 00:56:37]} {[%emt 00:07:37]} 18. Ne5
{[%clk 01:11:32]} {[%emt 00:02:20]} Qb6 {[%clk 00:55:52]} {[%emt 00:01:16]} 19.
Rad1 {[%clk 01:08:06]} {[%emt 00:03:55]} Qxb2 {[%clk 00:53:26]} {[%emt
00:02:56]} 20. Bb3 {[%clk 01:07:26]} {[%emt 00:01:10]} Ne4 {[%clk 00:44:47]}
{[%emt 00:09:09]} 21. Rd3 {[%clk 00:53:46]} {[%emt 00:14:10]} Qa3 {[%clk
00:33:38]} {[%emt 00:11:39]} 22. g4 {[%clk 00:40:15]} {[%emt 00:14:01]} Qf8
{[%clk 00:21:31]} {[%emt 00:12:37]} 23. f3 {[%clk 00:36:17]} {[%emt 00:04:28]}
Nf6 {[%clk 00:15:35]} {[%emt 00:06:27]} 24. g5 {[%clk 00:31:56]} {[%emt
00:04:50]} hxg5 {[%clk 00:15:55]} {[%emt 00:00:10]} 25. Qxg5 {[%clk 00:31:54]}
{[%emt 00:00:31]} Nd7 {[%clk 00:13:57]} {[%emt 00:02:28]} 26. Ng6 {[%clk
00:30:25]} {[%emt 00:01:59]} Qf6 {[%clk 00:14:14]} {[%emt 00:00:14]} 27. Qg3
{[%clk 00:28:27]} {[%emt 00:02:27]} Kf7 {[%clk 00:11:32]} {[%emt 00:03:13]} 28.
Nf4 {[%clk 00:27:03]} {[%emt 00:01:53]} Nf8 {[%clk 00:08:48]} {[%emt 00:03:15]}
29. Rfd1 {[%clk 00:23:22]} {[%emt 00:04:10]} Ng6 {[%clk 00:07:47]} {[%emt
00:01:32]} 30. Nh3 {[%clk 00:22:04]} {[%emt 00:01:48]} a5 {[%clk 00:06:37]}
{[%emt 00:01:40]} 31. Ng5+ {[%clk 00:20:00]} {[%emt 00:02:34]} Kg8 {[%clk
00:06:59]} {[%emt 00:00:08]} 32. c5 {[%clk 00:18:03]} {[%emt 00:02:27]} Nf8
{[%clk 00:03:29]} {[%emt 00:04:00]} *